[Event "Asia-ch Seniors 9th"]
[Site "Tagaytay City"]
[Date "2018.11.06"]
[Round "4"]
[White "Roca, Petronio"]
[Black "Torre, Eugenio"]
[Result "1/2-1/2"]
[WhiteElo "2376"]
[BlackElo "2449"]
[PlyCount "61"]
[EventDate "2018.11.04"]
[EventType "swiss"]
[EventRounds "9"]
[EventCountry "PHI"]
[SourceTitle "EXT 2021"]
[Source "ChessBase"]
[SourceDate "2020.10.23"]
[SourceVersion "1"]
[SourceVersionDate "2020.10.23"]
[SourceQuality "1"]

1. d4 Nf6 2. Nf3 e6 3. g3 b5 4. Bg2 Bb7 5. 0-0 c5 6. c3 Be7 7. Qd3 c4 8. Qc2 Be4 9. Qd1 Qc7 10. Nbd2 Bd5 11. Re1 Ne4 12. Qc2 Qb7 13. Ne5 Nxd2 14. Bxd5 Qxd5 15. Bxd2 d6 16. e4 Qb7 17. Ng4 Nd7 18. a4 a6 19. h4 0-0 20. b3 Nb6 21. axb5 axb5 22. Ne3 Rfc8 23. bxc4 Nxc4 24. Nxc4 Rxa1 25. Rxa1 bxc4 26. Rb1 Qa8 27. Rb2 Rb8 28. Rxb8+ Qxb8 29. Qa2 Qc8 30. Qa4 Bf8 31. Qb5 1/2-1/2

[Event "Asia-ch Seniors 9th"]
[Site "Tagaytay City"]
[Date "2018.11.05"]
[Round "3"]
[White "Roca, Petronio"]
[Black "Baimurzin, Aitkazy"]
[Result "1-0"]
[WhiteElo "2376"]
[BlackElo "2154"]
[PlyCount "109"]
[EventDate "2018.11.04"]
[EventType "swiss"]
[EventRounds "9"]
[EventCountry "PHI"]
[SourceTitle "EXT 2021"]
[Source "ChessBase"]
[SourceDate "2020.10.23"]
[SourceVersion "1"]
[SourceVersionDate "2020.10.23"]
[SourceQuality "1"]

1. e4 a6 2. d4 b5 3. Nf3 Bb7 4. Bd3 Nf6 5. Qe2 e6 6. 0-0 c5 7. c3 Qc7 8. Bg5 d6 9. Nbd2 Nbd7 10. a4 c4 11. Bc2 Rb8 12. axb5 axb5 13. Rfe1 Be7 14. h3 e5 15. Nf1 0-0 16. Ng3 g6 17. Qd2 Rfe8 18. Bh6 Nf8 19. b4 Ra8 20. Ng5 Ne6 21. Nf5 Nh5 22. Nxe6 fxe6 23. Nxe7+ Qxe7 24. dxe5 dxe5 25. Bg5 Qc7 26. g3 Rf8 27. Rxa8 Rxa8 28. Bd1 Ng7 29. Bf3 Ne8 30. Rd1 Bc6 31. Qe3 Qf7 32. Bg2 Qc7 33. h4 h5 34. Bh3 Qf7 35. Bg2 Qa7 36. Qe1 Qc7 37. f3 Kg7 38. Qd2 Qa7+ 39. Kh2 Qa2 40. Qe3 Qa7 41. Qe1 Qa2 42. Qe3 Qa7 43. Qe1 Qa2 44. Rd8 Rxd8 45. Bxd8 Qc2 46. Qe3 Qd1 47. Qb6 Qd7 48. Bg5 Nd6 49. Be3 Nf7 50. Bh3 Kh7 51. Qb8 Qd3 52. Bg5 Kg7 53. Bg2 Qxc3 54. Qc7 Ba8 55. Qe7 1-0

[Event "Manila Pichay Cup 4th"]
[Site "Manila"]
[Date "2008.09.15"]
[Round "2"]
[White "Roca, Petronio"]
[Black "Wen, Yang"]
[Result "1/2-1/2"]
[WhiteElo "2356"]
[BlackElo "2487"]
[PlyCount "36"]
[EventDate "2008.09.14"]
[EventType "swiss"]
[EventRounds "9"]
[EventCountry "PHI"]
[SourceTitle "CBM 126 Extra"]
[Source "ChessBase"]
[SourceDate "2008.11.05"]
[SourceVersion "1"]
[SourceVersionDate "2008.11.05"]
[SourceQuality "1"]

1. d4 d5 2. Nf3 Nf6 3. c4 dxc4 4. e3 e6 5. Bxc4 a6 6. 0-0 c5 7. Nc3 b5 8. Be2 Bb7 9. dxc5 Qxd1 10. Rxd1 Bxc5 11. a3 Ke7 12. b4 Bd6 13. Bb2 Nbd7 14. Ng5 Be5 15. Nh3 Bd6 16. Ng5 Be5 17. Nf3 Bd6 18. Ng5 Be5 1/2-1/2

[Event "Manila Pichay Cup 4th"]
[Site "Manila"]
[Date "2008.09.14"]
[Round "1"]
[White "Roca, Petronio"]
[Black "Shanava, Konstantine"]
[Result "1-0"]
[WhiteElo "2356"]
[BlackElo "2522"]
[PlyCount "115"]
[EventDate "2008.09.14"]
[EventType "swiss"]
[EventRounds "9"]
[EventCountry "PHI"]
[SourceTitle "CBM 126 Extra"]
[Source "ChessBase"]
[SourceDate "2008.11.05"]
[SourceVersion "1"]
[SourceVersionDate "2008.11.05"]
[SourceQuality "1"]

1. e4 c5 2. Nf3 d6 3. d4 cxd4 4. Nxd4 Nf6 5. Nc3 g6 6. Be3 Bg7 7. f3 a6 8. Qd2 Nbd7 9. Bh6 Bxh6 10. Qxh6 b5 11. a4 Qb6 12. Qd2 b4 13. Nd1 a5 14. Ne3 0-0 15. h4 Qc5 16. Nb3 Qc7 17. h5 Nb6 18. Bb5 Bd7 19. Bxd7 Qxd7 20. g4 Rac8 21. Nxa5 Qa7 22. Nb3 Nbd7 23. Qd4 Qa6 24. Qd3 Qa7 25. Qd4 Qa6 26. Qd3 Qa8 27. 0-0 Ne5 28. Qe2 Qa7 29. Kg2 gxh5 30. g5 Ng6 31. Kh2 Nf4 32. Qf2 Ne8 33. Ng2 Qxf2 34. Rxf2 Ne6 35. Ne3 N8c7 36. a5 Na6 37. Nd5 Rfe8 38. Kg3 Nxg5 39. Kh4 f6 40. Nd4 Kf7 41. Kxh5 e6 42. Ne3 Rg8 43. Nb3 Ke7 44. Rd1 Nc5 45. Nd4 Nd7 46. a6 Nh3 47. Rh2 Nf4+ 48. Kh4 Rc5 49. Ng4 h5 50. Nh6 Rh8 51. a7 Rcc8 52. Kg3 Rxh6 53. Nc6+ Kf7 54. Rxd6 Nb6 55. Nd8+ Ke7 56. Rxb6 Ra8 57. Nc6+ Kd7 58. Rb8 1-0

[Event "Olympiad-35"]
[Site "Bled"]
[Date "2002.10.29"]
[Round "4.3"]
[White "Roca, Petronio"]
[Black "Dutreeuw, Marc"]
[Result "1/2-1/2"]
[WhiteElo "2423"]
[BlackElo "2327"]
[PlyCount "112"]
[EventDate "2002.10.26"]
[EventType "team-swiss"]
[EventRounds "14"]
[EventCountry "SLO"]
[SourceTitle "EXT 2003"]
[Source "ChessBase"]
[SourceDate "2002.11.25"]
[SourceVersion "1"]
[SourceVersionDate "2002.11.25"]
[SourceQuality "1"]
[WhiteTeam "Philippines"]
[BlackTeam "Belgium"]
[WhiteTeamCountry "PHI"]
[BlackTeamCountry "BEL"]

1. Nf3 d5 2. d4 Nf6 3. c4 e6 4. Nc3 Be7 5. Bg5 0-0 6. e3 h6 7. Bh4 b6 8. cxd5 Nxd5 9. Bxe7 Qxe7 10. Nxd5 exd5 11. Rc1 Be6 12. Qa4 Rc8 13. b4 c6 14. b5 cxb5 15. Rxc8+ Bxc8 16. Bxb5 Bb7 17. 0-0 a6 18. Bd3 Nc6 19. Qb3 b5 20. Bb1 Qd6 21. Ne1 Na5 22. Qc2 g6 23. Nd3 Bc8 24. Qc3 Nc4 25. Nc5 Ra7 26. Bd3 Nb6 27. e4 Rc7 28. e5 Qe7 29. Qd2 Kg7 30. f4 f5 31. h3 Nd7 32. Nb3 Nf8 33. Rc1 Ne6 34. g3 Rxc1+ 35. Qxc1 Qc7 36. Qxc7+ Nxc7 37. Kf2 Kf7 38. Ke3 Ke7 39. a3 Kd7 40. g4 Kc6 41. gxf5 Bxf5 42. Bxf5 gxf5 43. Nc5 a5 44. Kd3 Kb6 45. Ke3 Kc6 46. Kf3 Kb6 47. Kg3 b4 48. a4 Ne6 49. Nb3 Ka6 50. Kf3 Kb6 51. Ke3 Ka6 52. Nc1 Kb6 53. Ne2 Kc6 54. h4 Kd7 55. Nc1 Kc6 56. Nb3 Kb6 1/2-1/2

[Event "PHI-ch"]
[Site "Makati"]
[Date "2002.05.01"]
[Round "8"]
[White "Roca, Petronio"]
[Black "Barbosa, Oliver"]
[Result "1-0"]
[WhiteElo "2394"]
[BlackElo "2313"]
[PlyCount "85"]
[EventDate "2002.04.27"]
[EventType "tourn"]
[EventRounds "15"]
[EventCountry "PHI"]
[EventCategory "5"]
[SourceTitle "CBM 088 Extra"]
[Source "ChessBase"]
[SourceDate "2002.07.01"]
[SourceVersion "2"]
[SourceVersionDate "2002.07.01"]
[SourceQuality "1"]

1. e4 c5 2. c3 Nf6 3. e5 Nd5 4. d4 cxd4 5. Nf3 e6 6. cxd4 b6 7. Nc3 Nxc3 8. bxc3 Qc7 9. Bd2 Bb7 10. Bd3 d6 11. 0-0 Nd7 12. Re1 dxe5 13. Nxe5 Nxe5 14. Rxe5 Bd6 15. Rh5 g6 16. Rh3 0-0-0 17. a4 h5 18. a5 g5 19. axb6 axb6 20. Ra7 Qc6 21. f3 f5 22. Bxg5 Rdg8 23. Bd2 Rg7 24. Ra2 Kb8 25. Qb3 Rhg8 26. Be3 Bc7 27. c4 Qd6 28. c5 Qd8 29. Kh1 e5 30. Qa4 Qf6 31. Qa7+ Kc8 32. Ba6 Bb8 33. Bxb7+ Rxb7 34. Qa6 exd4 35. Rc2 Qc6 36. Qa2 Rg6 37. Bxd4 b5 38. Rxh5 Rd7 39. Bg1 Rd1 40. Rxf5 Bxh2 41. Rf8+ Kc7 42. Qa7+ Qb7 43. Rf7+ 1-0

[Event "PHI-ch"]
[Site "Makati"]
[Date "2002.04.30"]
[Round "6"]
[White "Roca, Petronio"]
[Black "Bancod, Ronald"]
[Result "1/2-1/2"]
[WhiteElo "2394"]
[BlackElo "2356"]
[PlyCount "165"]
[EventDate "2002.04.27"]
[EventType "tourn"]
[EventRounds "15"]
[EventCountry "PHI"]
[EventCategory "5"]
[SourceTitle "CBM 088 Extra"]
[Source "ChessBase"]
[SourceDate "2002.07.01"]
[SourceVersion "2"]
[SourceVersionDate "2002.07.01"]
[SourceQuality "1"]

1. d4 Nf6 2. Nf3 g6 3. c4 c5 4. Nc3 cxd4 5. Nxd4 Bg7 6. g3 0-0 7. Bg2 Nc6 8. 0-0 Ng4 9. Nxc6 dxc6 10. Qxd8 Rxd8 11. Bg5 f6 12. Bf4 e5 13. Bc1 Nh6 14. b3 Nf7 15. Ba3 f5 16. Rad1 e4 17. Na4 Re8 18. f3 exf3 19. exf3 f4 20. gxf4 Bf5 21. Bb2 Bh6 22. Bc1 Re2 23. Rf2 Rae8 24. Nc3 Re1+ 25. Rxe1 Rxe1+ 26. Rf1 Rxf1+ 27. Bxf1 Nd8 28. Kf2 Ne6 29. Kg3 Ng7 30. Ne4 Nh5+ 31. Kf2 Bxe4 32. fxe4 Bxf4 33. Bxf4 Nxf4 34. Ke3 Ne6 35. b4 Kf7 36. e5 Ke7 37. h4 c5 38. a3 Nd4 39. Ke4 Nf5 40. Bh3 Nxh4 41. Bc8 b6 42. bxc5 bxc5 43. Kd5 Nf3 44. Bg4 Nh2 45. Bh3 g5 46. Kxc5 g4 47. Bg2 Ke6 48. Kb5 Nf3 49. Ka6 Kxe5 50. Kxa7 Kd4 51. a4 h5 52. Kb6 h4 53. c5 h3 54. Bxf3 gxf3 55. c6 h2 56. c7 h1Q 57. c8Q Qb1+ 58. Ka7 Qh7+ 59. Kb8 Qh2+ 60. Ka8 f2 61. Qd7+ Ke3 62. Qe6+ Kd2 63. Qa2+ Ke1 64. Qb1+ Ke2 65. Qb5+ Ke3 66. Qc5+ Kf3 67. Qd5+ Kg4 68. Qe6+ Kg3 69. Qg6+ Kh3 70. Qf5+ Kg2 71. Qe4+ Kg1 72. Qd4 Qg3 73. a5 Kh2 74. Qh8+ Kg2 75. Qb2 Qf3+ 76. Kb8 Qf4+ 77. Ka8 Qe4+ 78. Kb8 Qf4+ 79. Kb7 Qf7+ 80. Kb8 Qf8+ 81. Ka7 Kg3 82. Qc3+ Kg4 83. Qd4+ 1/2-1/2

[Event "PHI-ch"]
[Site "Makati"]
[Date "2002.04.28"]
[Round "3"]
[White "Mariano, Nelson"]
[Black "Roca, Petronio"]
[Result "1/2-1/2"]
[WhiteElo "2393"]
[BlackElo "2394"]
[PlyCount "69"]
[EventDate "2002.04.27"]
[EventType "tourn"]
[EventRounds "15"]
[EventCountry "PHI"]
[EventCategory "5"]
[SourceTitle "CBM 088 Extra"]
[Source "ChessBase"]
[SourceDate "2002.07.01"]
[SourceVersion "2"]
[SourceVersionDate "2002.07.01"]
[SourceQuality "1"]

1. e4 c5 2. Ne2 Nc6 3. Nbc3 Nf6 4. g3 d5 5. exd5 Nxd5 6. Bg2 Nxc3 7. bxc3 e5 8. 0-0 Bf5 9. Rb1 Qd7 10. d4 Rd8 11. Be3 Bg4 12. Qe1 Be6 13. Bg5 f6 14. Rd1 Bxa2 15. Be3 Bc4 16. d5 Na5 17. f4 e4 18. f5 Bd6 19. Qf2 0-0 20. Rfe1 Rfe8 21. Nf4 b6 22. Ne6 Rb8 23. Bf4 Bxf4 24. Qxf4 Bb5 25. Rxe4 Nb7 26. d6 Bc6 27. Re2 Bxg2 28. Kxg2 Nd8 29. Qc4 Nf7 30. Qd5 a5 31. Re4 Kh8 32. Rg4 Rg8 33. Re4 Rge8 34. Rg4 Rg8 35. Re4 1/2-1/2

[Event "Vung Tau Intourco"]
[Site "Vung Tau"]
[Date "2001.??.??"]
[Round "?"]
[White "Ardiansyah, Haji"]
[Black "Roca, Petronio"]
[Result "1/2-1/2"]
[WhiteElo "2401"]
[BlackElo "2394"]
[PlyCount "189"]
[EventDate "2001.??.??"]
[EventType "tourn"]
[EventRounds "11"]
[EventCountry "VIE"]
[EventCategory "8"]
[SourceTitle "EXT 2006"]
[Source "ChessBase"]
[SourceDate "2005.11.24"]
[SourceVersion "1"]
[SourceVersionDate "2005.11.24"]
[SourceQuality "1"]

1. d4 c5 2. d5 d6 3. c4 g6 4. Nc3 Bg7 5. e4 Nf6 6. f3 a6 7. a4 0-0 8. Be3 e6 9. Qd2 exd5 10. cxd5 Nbd7 11. Nh3 Ne5 12. Nf2 Bd7 13. Be2 b5 14. 0-0 Nc4 15. Bxc4 bxc4 16. Qe2 Bc8 17. Qxc4 Nd7 18. b4 cxb4 19. Qxb4 Rb8 20. Qa3 Ne5 21. Qc1 Rb3 22. Ncd1 Bd7 23. Bh6 Qa5 24. Bxg7 Kxg7 25. Qc2 Qb4 26. f4 Nc4 27. Nd3 Qb6+ 28. Kh1 Rc8 29. Nc1 Rb4 30. Qc3+ Kg8 31. f5 Ne5 32. Qd2 Rxe4 33. f6 Rh4 34. Ne2 Qd8 35. Ne3 Rxa4 36. Rxa4 Bxa4 37. Nd4 Bd7 38. h3 a5 39. Nc6 Nxc6 40. dxc6 Bxc6 41. Nf5 Rc7 42. Rb1 Rb7 43. Ne7+ Rxe7 44. fxe7 Qxe7 45. Rb8+ Be8 46. Qxa5 Kf8 47. Qd2 Qe5 48. Rb1 Bc6 49. Rb6 Qc5 50. Qh6+ Ke7 51. Rb8 Qe5 52. Qf8+ Kf6 53. Qd8+ Qe7 54. Qh8+ Kg5 55. Qc3 Be4 56. Rb6 d5 57. Qe3+ Kh5 58. Qf4 Qh4 59. Qxh4+ Kxh4 60. Kh2 f5 61. Rb7 h5 62. Rb6 f4 63. Ra6 Kg5 64. Kg1 Kf5 65. Kf2 Ke5 66. Ra8 Bf5 67. Re8+ Kd4 68. h4 Be4 69. Re6 Kd3 70. Rf6 Bf5 71. Kf3 Be4+ 72. Kxf4 Ke2 73. g3 Bf5 74. Rd6 Be4 75. Ra6 Bf5 76. Ra2+ Kd3 77. Ke5 Be4 78. Ra4 Ke3 79. Ra3+ Ke2 80. Kf4 Bf5 81. Ra4 Kd3 82. Ke5 Be4 83. Ra6 Ke3 84. Rf6 Bd3 85. Rd6 Be4 86. Rb6 Kf3 87. Rb3+ Kg4 88. Kf6 Bc2 89. Rc3 Bf5 90. Ra3 Be4 91. Rb3 Bf5 92. Ra3 Bc2 93. Rc3 Be4 94. Ra3 Bf5 95. Rb3 1/2-1/2

[Event "Vung Tau Intourco"]
[Site "Vung Tau"]
[Date "2001.??.??"]
[Round "?"]
[White "Roca, Petronio"]
[Black "Tu, Hoang Thai"]
[Result "1-0"]
[WhiteElo "2394"]
[BlackElo "2417"]
[PlyCount "100"]
[EventDate "2001.??.??"]
[EventType "tourn"]
[EventRounds "11"]
[EventCountry "VIE"]
[EventCategory "8"]
[SourceTitle "EXT 2006"]
[Source "ChessBase"]
[SourceDate "2005.11.24"]
[SourceVersion "1"]
[SourceVersionDate "2005.11.24"]
[SourceQuality "1"]

1. Nf3 Nf6 2. c4 d6 3. d4 Bg4 4. g3 c6 5. Bg2 Nbd7 6. Nc3 e5 7. 0-0 Be7 8. h3 Bh5 9. d5 0-0 10. dxc6 bxc6 11. Nh4 Rc8 12. Nf5 Nb6 13. c5 dxc5 14. Qxd8 Bxd8 15. Be3 Nfd7 16. Rfd1 Rc7 17. Rd3 Bg6 18. g4 Bxf5 19. gxf5 Be7 20. Rad1 g6 21. b3 Re8 22. Bh6 Bf8 23. Bxf8 Kxf8 24. Ne4 Rb8 25. Ng3 Ke7 26. h4 Nf6 27. fxg6 hxg6 28. h5 Nbd5 29. hxg6 fxg6 30. e3 Rb4 31. Rc1 Rg4 32. Rxc5 e4 33. Rd4 Nxe3 34. Re5+ Kf8 35. Rd8+ Kg7 36. Bxe4 Nxe4 37. Rxe4 Rxe4 38. Nxe4 Nf5 39. Kf1 a5 40. Ra8 Re7 41. Nc5 Re5 42. Rxa5 Kh6 43. Nb7 Re4 44. Rc5 Rd4 45. Rxc6 Rd2 46. a4 Kg5 47. Rc4 Nh6 48. Nc5 Kf5 49. a5 Ng4 50. Ke1 Rb2 1-0

[Event "Vung Tau zt 3.2a"]
[Site "Vung Tau"]
[Date "2000.05.28"]
[Round "8"]
[White "Roca, Petronio"]
[Black "Hoang, Thanh Trang"]
[Result "1/2-1/2"]
[WhiteElo "2362"]
[BlackElo "2448"]
[PlyCount "74"]
[EventDate "2000.05.21"]
[EventType "swiss"]
[EventRounds "9"]
[EventCountry "VIE"]
[SourceTitle "CBM 076 Extra"]
[Source "ChessBase"]
[SourceDate "2000.07.11"]
[SourceVersion "1"]
[SourceVersionDate "2000.07.11"]
[SourceQuality "1"]

1. d4 f5 2. Nf3 g6 3. g3 Bg7 4. c3 Nf6 5. Bg2 0-0 6. Nbd2 Nc6 7. b4 e6 8. 0-0 d5 9. b5 Ne7 10. a4 a6 11. Ba3 Re8 12. Qb3 Ne4 13. e3 Nd6 14. c4 dxc4 15. Nxc4 Nd5 16. Nfe5 Nxc4 17. Qxc4 Bxe5 18. dxe5 b6 19. e4 fxe4 20. Bxe4 Bb7 21. h4 axb5 22. axb5 Qd7 23. Bb2 c5 24. bxc6 Qxc6 25. Qxc6 Bxc6 26. Rfc1 Rxa1 27. Bxa1 Bb7 28. Bd3 Ra8 29. Rb1 Ba6 30. Be4 Bc4 31. Bd4 b5 32. Ra1 Rxa1+ 33. Bxa1 b4 34. f4 b3 35. Kf2 Nb4 36. Bc3 Nd3+ 37. Ke3 b2 1/2-1/2

[Event "PHI-ch"]
[Site "Quezon City"]
[Date "1999.04.30"]
[Round "9"]
[White "Villamayor, Buenaventura"]
[Black "Roca, Petronio"]
[Result "1/2-1/2"]
[WhiteElo "2380"]
[BlackElo "2362"]
[PlyCount "110"]
[EventDate "1999.04.??"]
[EventType "tourn"]
[EventRounds "11"]
[EventCountry "PHI"]
[EventCategory "3"]
[SourceTitle "CBM 070 Extra"]
[Source "ChessBase"]
[SourceDate "1999.07.10"]
[SourceVersion "1"]
[SourceVersionDate "1999.07.10"]
[SourceQuality "1"]

1. d4 d5 2. c4 e6 3. Nc3 f5 4. Bf4 Nf6 5. e3 Be7 6. Bd3 0-0 7. Nf3 c6 8. Ne5 Nbd7 9. 0-0 Nxe5 10. Bxe5 Ng4 11. Bg3 Bd6 12. Qf3 Rf6 13. h3 Bxg3 14. Qxg3 Nh6 15. b4 Bd7 16. Rab1 Rc8 17. Rfc1 Kh8 18. b5 Nf7 19. bxc6 Bxc6 20. cxd5 exd5 21. Ne2 Nd6 22. Nf4 Qd7 23. Rc5 Qf7 24. Rbc1 Rg8 25. h4 g6 26. Nh3 h6 27. Nf4 Rg7 28. Qf3 g5 29. hxg5 hxg5 30. Qh5+ Rh7 31. Qxg5 Rfh6 32. f3 Qe8 33. Kf2 Nf7 34. Ng6+ Kg7 35. Qxf5 Rh5 36. Qf4 R5h6 37. Qc7 Rxg6 38. Bxg6 Kxg6 39. Rxc6+ bxc6 40. Qxc6+ Qxc6 41. Rxc6+ Kg7 42. Ra6 Rh1 43. Rxa7 Kf6 44. Ra6+ Ke7 45. Kg3 Rg1 46. Kf2 Rb1 47. g4 Nd6 48. Kg3 Nc4 49. e4 dxe4 50. fxe4 Re1 51. Kf4 Rf1+ 52. Kg5 Nd2 53. Ra7+ Ke8 54. Ra8+ Ke7 55. Ra7+ Ke8 1/2-1/2

[Event "Yangon zt"]
[Site "Yangon"]
[Date "1998.12.15"]
[Round "8"]
[White "Myo, Naing"]
[Black "Roca, Petronio"]
[Result "1-0"]
[WhiteElo "2345"]
[BlackElo "2365"]
[PlyCount "53"]
[EventDate "1998.12.??"]
[EventType "swiss"]
[EventRounds "9"]
[EventCountry "BUR"]
[SourceTitle "CBM 069"]
[Source "ChessBase"]
[SourceDate "1999.04.01"]
[SourceVersion "1"]
[SourceVersionDate "1999.04.01"]
[SourceQuality "1"]

1. e4 c5 2. Nf3 e6 3. d4 cxd4 4. Nxd4 a6 5. Nc3 Qc7 6. Bd3 b5 7. 0-0 Nf6 8. Re1 Bd6 9. h3 Nc6 10. Nxc6 dxc6 11. f4 Bxf4 12. Bxf4 Qxf4 13. e5 Nd5 14. Re4 Qg3 15. Qf1 c5 16. Rae1 h5 17. Nxd5 exd5 18. e6 Bxe6 19. Rxe6+ fxe6 20. Rxe6+ Kd8 21. Qf5 Ra7 22. Qxd5+ Kc8 23. Bf5 Kc7 24. Rc6+ Kb8 25. Rb6+ Kc7 26. Qxc5+ Kd8 27. Rd6+ 1-0

[Event "Yangon zt"]
[Site "Yangon"]
[Date "1998.12.13"]
[Round "6"]
[White "Sharavdorj, Dashzeveg"]
[Black "Roca, Petronio"]
[Result "1-0"]
[WhiteElo "2385"]
[BlackElo "2365"]
[PlyCount "109"]
[EventDate "1998.12.??"]
[EventType "swiss"]
[EventRounds "9"]
[EventCountry "BUR"]
[SourceTitle "CBM 069"]
[Source "ChessBase"]
[SourceDate "1999.04.01"]
[SourceVersion "1"]
[SourceVersionDate "1999.04.01"]
[SourceQuality "1"]

1. Nf3 g6 2. d4 Bg7 3. c4 c5 4. d5 d6 5. Nc3 a6 6. a4 e6 7. dxe6 Bxe6 8. e3 Nc6 9. Be2 f5 10. 0-0 Bxc3 11. bxc3 Na5 12. e4 fxe4 13. Ng5 Bf5 14. g4 h6 15. gxf5 hxg5 16. fxg6 Qf6 17. g7 Qxg7 18. Qxd6 Rd8 19. Qg3 Ne7 20. Bxg5 Nf5 21. Qg2 Rd7 22. Qxe4+ Ne7 23. h4 Qg6 24. Qg2 Nf5 25. Bg4 0-0 26. Rad1 Rdf7 27. Bxf5 Rxf5 28. Rd6 Qg7 29. Qg4 Rf4 30. Qh5 R4f6 31. Rxf6 Rxf6 32. Qe8+ Rf8 33. Qe6+ Qf7 34. Qd5 Nxc4 35. Qxc5 Qe6 36. Bf4 Rf5 37. Qc7 Ne5 38. Bxe5 Rxe5 39. Kh2 Qf6 40. Rg1+ Kh8 41. Qc8+ Kh7 42. Qg8+ Kh6 43. Rg6+ Qxg6 44. Qh8+ Qh7 45. Qxe5 Qd7 46. a5 Qc6 47. Kg3 Qh1 48. Qe3+ Kg6 49. f3 Qa1 50. Qb6+ Kf5 51. Qc5+ Kf6 52. Kg4 Qa2 53. Qb6+ Ke5 54. f4+ Ke4 55. Qd4# 1-0

[Event "Yangon zt"]
[Site "Yangon"]
[Date "1998.12.10"]
[Round "2"]
[White "Adianto, Utut"]
[Black "Roca, Petronio"]
[Result "1-0"]
[WhiteElo "2610"]
[BlackElo "2365"]
[PlyCount "137"]
[EventDate "1998.12.??"]
[EventType "swiss"]
[EventRounds "9"]
[EventCountry "BUR"]
[SourceTitle "CBM 069"]
[Source "ChessBase"]
[SourceDate "1999.04.01"]
[SourceVersion "1"]
[SourceVersionDate "1999.04.01"]
[SourceQuality "1"]

1. Nf3 g6 2. e4 Bg7 3. d4 d6 4. Be2 c5 5. d5 a6 6. a4 e5 7. dxe6 fxe6 8. 0-0 Ne7 9. Ng5 h6 10. Nh3 Nbc6 11. Ra3 d5 12. Rg3 Be5 13. Bf4 Qd6 14. Bxe5 Nxe5 15. Nc3 Bd7 16. f4 Nf7 17. f5 exf5 18. Nxd5 Nxd5 19. Bc4 0-0-0 20. Qxd5 Qxd5 21. Bxd5 Ne5 22. Rc3 Kb8 23. Rxc5 Rc8 24. Rxc8+ Rxc8 25. c3 fxe4 26. Bxe4 Bxa4 27. Nf4 g5 28. Nd5 Bc6 29. Ne7 Re8 30. Nxc6+ bxc6 31. h3 Re6 32. b4 Kb7 33. Bf5 Re7 34. Rd1 Nc4 35. Rd4 Ne3 36. Be4 Kc7 37. Bf3 Rd7 38. Rxd7+ Kxd7 39. Kf2 Nc4 40. Be2 Nb6 41. Ke3 Nd5+ 42. Kd4 Nf4 43. Bg4+ Kd6 44. g3 Nd5 45. Bf5 Nf6 46. Bd3 Nh5 47. g4 Nf4 48. Bf1 Kc7 49. c4 Kb6 50. Ke5 Kc7 51. c5 Kd7 52. Kf5 Ke7 53. h4 Nd5 54. hxg5 Ne3+ 55. Kg6 hxg5 56. Be2 Nd5 57. Bxa6 Nxb4 58. Bc4 Nc2 59. Kxg5 Ne3 60. Bb3 Ng2 61. Bc2 Ne3 62. Be4 Kd7 63. Kf4 Nc4 64. g5 Na5 65. g6 Ke7 66. Kg5 Nb3 67. g7 Kf7 68. Kh6 Nxc5 69. Bg6+ 1-0

[Event "Yangon zt"]
[Site "Yangon"]
[Date "1998.12.10"]
[Round "3"]
[White "Roca, Petronio"]
[Black "Wong, Zi Jing"]
[Result "1-0"]
[WhiteElo "2365"]
[BlackElo "2120"]
[PlyCount "101"]
[EventDate "1998.12.??"]
[EventType "swiss"]
[EventRounds "9"]
[EventCountry "BUR"]
[SourceTitle "CBM 069"]
[Source "ChessBase"]
[SourceDate "1999.04.01"]
[SourceVersion "1"]
[SourceVersionDate "1999.04.01"]
[SourceQuality "1"]

1. e4 c5 2. Nc3 d6 3. f4 g6 4. Nf3 Bg7 5. Bc4 e6 6. d4 cxd4 7. Nxd4 a6 8. 0-0 Qb6 9. Be3 Qxb2 10. Ncb5 axb5 11. Nxb5 Qxa1 12. Qxd6 Qxf1+ 13. Kxf1 Na6 14. Qa3 Bf8 15. Nd6+ Bxd6 16. Qxd6 Bd7 17. f5 gxf5 18. Bd4 f6 19. e5 h5 20. exf6 Rh7 21. Be2 h4 22. f7+ Rxf7 23. Bh5 0-0-0 24. Be2 Ne7 25. Bb6 Nd5 26. Bxd8 Kxd8 27. Bxa6 bxa6 28. Qxa6 Ke7 29. c4 Ne3+ 30. Kg1 f4 31. Qa3+ Ke8 32. Qa8+ Ke7 33. Qh8 Nf5 34. Qe5 Rg7 35. Qxf4 Kf6 36. Qf3 Ke7 37. c5 Nd4 38. Qe4 Bc6 39. Qxh4+ Ke8 40. Qxd4 Rxg2+ 41. Kf1 Rxh2 42. Qd6 Rh1+ 43. Kf2 Bd5 44. c6 Ra1 45. a3 Ra2+ 46. Ke3 Kf7 47. c7 Bb7 48. Qf4+ Ke8 49. Qa4+ Kf7 50. Qb3 Bd5 51. Qxa2 1-0